| 000 | 01359cam a2200265 a 4500 | ||
|---|---|---|---|
| 999 |
_c7529 _d7529 |
||
| 003 | OSt | ||
| 005 | 20200312075216.0 | ||
| 008 | 050615s2006 enka b 001 0 eng | ||
| 020 | _a9780754633884 (alk. paper) | ||
| 040 |
_aDLC _cDLC _dUKM _dBAKER _dBWKUK _dDLC |
||
| 082 | 0 | 0 |
_a022.3 _222 _bDEW |
| 100 | 1 | _aDewe, Michael. | |
| 245 | 1 | 0 |
_aPlanning public library buildings : _bconcepts and issues for the librarian / _cMichael Dewe. |
| 260 |
_aAldershot, England ; _aBurlington, VT : _bAshgate Pub., _cc2006. |
||
| 300 |
_axii, 354 p. : _bill. ; _c24 cm. |
||
| 504 | _aIncludes bibliographical references (p. 335-340) and index. | ||
| 505 | 0 | _aMission and roles -- Sources of renewal and innovation -- Service point provision, size and shape -- 'Location, location, location' -- Alternatives to new buildings -- Sustainability, safety, security and systems -- Planning, design and construction -- Key qualities in design and evaluation -- Identity, communication and style -- The library interior -- Anything it needs to be? | |
| 650 | 0 |
_aLibrary buildings _xDesign and construction. |
|
| 650 | 0 |
_aPublic libraries _xPlanning. |
|
| 650 | 0 | _aLibrary architecture. | |
| 650 | 0 |
_aLibrary buildings _zGreat Britain _xDesign and construction. |
|
| 650 | 0 |
_aPublic libraries _zGreat Britain _xPlanning. |
|
| 650 | 0 |
_aLibrary architecture _zGreat Britain. |
|
| 942 | _2ddc | ||